[Event "World Rapid 2019"]
[Site "Moscow RUS"]
[Date "2019.12.26"]
[Round "5.26"]
[White "Ganguly, Surya Shekhar"]
[Black "Jakovenko, Dmitry"]
[Result "1/2-1/2"]
[WhiteTitle "GM"]
[BlackTitle "GM"]
[WhiteElo "2633"]
[BlackElo "2698"]
[WhiteFideId "5002150"]
[BlackFideId "4122356"]
[EventDate "2019.12.26"]
[EventType "rapid"]

1. c4 e5 2. g3 Nf6 3. Bg2 Bc5 4. Nc3 c6 5. e3 Bb6 6. d4 exd4 7. exd4 d5 8. cxd5
Nxd5 9. Nxd5 cxd5 10. Ne2 Nc6 11. O-O O-O 12. Nf4 Bxd4 13. Qb3 Be5 14. Nxd5 Nd4
15. Qd1 Be6 16. Nf4 Bc4 17. Re1 Bxf4 18. Bxf4 Ne2+ 19. Kh1 Nxf4 20. gxf4 Qf6 21.
b3 Be6 22. Qd6 Rad8 23. Qe5 Qxe5 24. fxe5 Rd2 25. Kg1 b6 26. Red1 Rfd8 27. Bf3
g5 28. Kf1 R8d3 29. Be2 Rd5 30. Rxd2 Rxd2 31. Bc4 Bxc4+ 32. bxc4 Rc2 33. a4 Rxc4
34. a5 Rc5 35. axb6 axb6 36. Re1 Rc6 37. Rb1 Kg7 38. Kg2 Kg6 39. Rb5 Re6 40. Kg3
Kf5 41. h3 h5 42. h4 g4 43. f4 Ke4 44. Rb4+ Kd5 45. Rb1 Kd4 46. Rd1+ Ke4 47. Rd7
Rc6 48. Rxf7 Rc3+ 49. Kg2 Rc2+ 50. Kg3 Rc3+ 51. Kg2 1/2-1/2

[Event "World Rapid 2019"]
[Site "Moscow RUS"]
[Date "2019.12.26"]
[Round "5.27"]
[White "Jobava, Baadur"]
[Black "Kezin, Roman"]
[Result "1-0"]
[WhiteTitle "GM"]
[BlackTitle "IM"]
[WhiteElo "2604"]
[BlackElo "2470"]
[WhiteFideId "13601520"]
[BlackFideId "24124621"]
[EventDate "2019.12.26"]
[EventType "rapid"]

1. d4 d5 2. c4 e6 3. Nc3 c6 4. cxd5 exd5 5. Nf3 Bf5 6. h3 Nd7 7. Bf4 Ngf6 8. e3
Be7 9. g4 Bg6 10. Bd3 Qb6 11. Rb1 O-O 12. Bxg6 hxg6 13. Kf1 Rfe8 14. Kg2 Rad8
15. Qd3 Ne4 16. h4 Ndf6 17. Ne5 Bd6 18. f3 Nxc3 19. bxc3 Qc7 20. h5 gxh5 21. g5
Nd7 22. Rxh5 Nxe5 23. Qh7+ Kf8 24. dxe5 Bxe5 25. g6 Bxf4 26. Rf5 Rd7 27. Rxf4
Qe5 28. gxf7 Rxf7 29. Rxb7 Qg5+ 30. Kf1 1-0

[Event "World Rapid 2019"]
[Site "Moscow RUS"]
[Date "2019.12.26"]
[Round "5.28"]
[White "Paravyan, David"]
[Black "Zhigalko, Sergei"]
[Result "1/2-1/2"]
[WhiteTitle "GM"]
[BlackTitle "GM"]
[WhiteElo "2629"]
[BlackElo "2571"]
[WhiteFideId "4194985"]
[BlackFideId "13502956"]
[EventDate "2019.12.26"]
[EventType "rapid"]

1. e4 c5 2. Nf3 Nc6 3. d4 cxd4 4. Nxd4 Nf6 5. Nc3 e5 6. Ndb5 d6 7. Bg5 a6 8. Na3
b5 9. Nd5 Be7 10. Bxf6 Bxf6 11. c3 Bg5 12. Nc2 Ne7 13. h4 Bh6 14. a4 bxa4 15.
Ncb4 O-O 16. Bc4 a5 17. Rxa4 Bd7 18. Nxe7+ Qxe7 19. Nd5 Qd8 20. Ra2 Kh8 21. g4
f6 22. b3 Rc8 23. Ba6 Rb8 24. b4 axb4 25. cxb4 Be6 26. O-O f5 27. exf5 Bxd5 28.
Qxd5 Qxh4 29. Be2 Bf4 30. Qh1 Qg5 31. b5 Rxf5 32. Ra8 Rff8 33. Rxb8 Rxb8 34. Ra1
Qd8 35. Bd3 Qg8 36. Qc6 d5 37. Bf5 e4 38. Kg2 e3 39. Rh1 h6 40. Kf3 Bg5 41. fxe3
Re8 1/2-1/2

[Event "World Rapid 2019"]
[Site "Moscow RUS"]
[Date "2019.12.26"]
[Round "5.29"]
[White "Alekseenko, Kirill"]
[Black "Utegaliyev, Azamat"]
[Result "1/2-1/2"]
[WhiteTitle "GM"]
[WhiteElo "2704"]
[BlackElo "2502"]
[WhiteFideId "4135539"]
[BlackFideId "13702467"]
[EventDate "2019.12.26"]
[EventType "rapid"]

1. e4 d5 2. exd5 Qxd5 3. Nc3 Qd6 4. d4 c6 5. Nf3 Bg4 6. Be2 Nf6 7. h3 Bxf3 8.
Bxf3 e6 9. Ne4 Nxe4 10. Bxe4 Nd7 11. c3 Nf6 12. Bc2 g6 13. O-O Bg7 14. Bg5 O-O
15. Re1 Rfe8 16. Qd2 a5 17. Rad1 b5 18. Bf4 Qe7 19. Qe2 Nd5 20. Bc1 Qc7 21. Be4
Red8 22. Qf3 Rac8 23. Bg5 Rd7 24. h4 h5 25. g3 Qd6 26. a3 Qf8 27. Bd3 b4 28.
axb4 axb4 29. Be4 bxc3 30. bxc3 Qa3 31. Rd3 Qa6 32. Kg2 Rb7 33. Qe2 Rcb8 34. Bc1
Qc4 35. Rf3 Qxe2 36. Rxe2 Rb3 37. Bd2 Ra3 38. c4 Rxf3 39. Bxf3 Ne7 40. Bf4 Rd8
41. Be5 Nf5 42. Bxc6 Nxd4 43. Bxd4 Bxd4 44. Rd2 1/2-1/2

[Event "World Rapid 2019"]
[Site "Moscow RUS"]
[Date "2019.12.26"]
[Round "5.30"]
[White "Socko, Bartosz"]
[Black "Aravindh, Chithambaram VR."]
[Result "0-1"]
[WhiteTitle "GM"]
[BlackTitle "GM"]
[WhiteElo "2618"]
[BlackElo "2605"]
[WhiteFideId "1107038"]
[BlackFideId "5072786"]
[EventDate "2019.12.26"]
[EventType "rapid"]

1. d4 Nf6 2. c4 g6 3. Nf3 Bg7 4. g3 c6 5. Bg2 d5 6. Nbd2 O-O 7. O-O a5 8. b3 Bf5
9. Bb2 a4 10. Nh4 Bg4 11. h3 Be6 12. Qc2 Na6 13. Rad1 Qc8 14. g4 Nb4 15. Qb1
axb3 16. axb3 h5 17. f4 hxg4 18. f5 gxh3 19. Bxh3 Bd7 20. e4 dxe4 21. Nxe4 Nxe4
22. Qxe4 c5 23. Rf2 Ra2 24. Qxe7 Nc6 25. Qxc5 Qc7 26. Bg2 Ra5 27. Qxf8+ Bxf8 28.
fxg6 Qg3 29. gxf7+ Kh7 30. d5 Ne5 31. Nf5 Bxf5 32. Rxf5 Ng4 33. Rf3 Bc5+ 34. Rd4
Qe1+ 35. Bf1 Qd2 36. f8=N+ Kg8 0-1

[Event "World Rapid 2019"]
[Site "Moscow RUS"]
[Date "2019.12.26"]
[Round "5.31"]
[White "Laznicka, Viktor"]
[Black "Gajewski, Grzegorz"]
[Result "1-0"]
[WhiteTitle "GM"]
[BlackTitle "GM"]
[WhiteElo "2648"]
[BlackElo "2626"]
[WhiteFideId "316385"]
[BlackFideId "1116207"]
[EventDate "2019.12.26"]
[EventType "rapid"]

1. d4 Nf6 2. c4 e6 3. Nf3 d5 4. e3 Nbd7 5. Nc3 a6 6. b3 b6 7. cxd5 exd5 8. g3
Bb4 9. Bb2 Ne4 10. Rc1 Ndf6 11. Bg2 Nxc3 12. Bxc3 Ba3 13. Rc2 Bf5 14. Re2 Ne4
15. Bb2 Bb4+ 16. Kf1 Qe7 17. Ne5 O-O 18. Nc6 Qd6 19. Nxb4 Qxb4 20. Qc1 Rfe8 21.
f3 Nf6 22. Kf2 Qd6 23. Rhe1 Bd3 24. Rd2 Bf5 25. Qc3 Re6 26. Rc1 c6 27. a4 h5 28.
a5 b5 29. Qc5 Qd7 30. h4 Rae8 31. Re2 Qc7 32. Qb6 Qc8 33. Ba3 Bd3 34. Ree1 Nd7
35. Qa7 b4 36. Bxb4 f5 37. Rc3 Bb5 38. Bf1 f4 39. gxf4 Qd8 40. Bxb5 axb5 41. Rh1
Rf6 42. Qb7 Kh7 43. Rxc6 Rxc6 44. Qxc6 Nf6 45. a6 Qb8 46. Qb7 1-0

[Event "World Rapid 2019"]
[Site "Moscow RUS"]
[Date "2019.12.26"]
[Round "5.32"]
[White "Petrov, Nikita"]
[Black "Timofeev, Artyom"]
[Result "1-0"]
[WhiteTitle "GM"]
[BlackTitle "GM"]
[WhiteElo "2585"]
[BlackElo "2588"]
[WhiteFideId "4101286"]
[BlackFideId "4140419"]
[EventDate "2019.12.26"]
[EventType "rapid"]

1. c4 c5 2. Nf3 Nf6 3. Nc3 d5 4. cxd5 Nxd5 5. e4 Nb4 6. Bc4 Nd3+ 7. Ke2 Nf4+ 8.
Kf1 Ne6 9. h4 Nc6 10. h5 Ned4 11. d3 e6 12. h6 Bd7 13. Nxd4 Nxd4 14. Be3 Bc6 15.
Ne2 Nxe2 16. Qxe2 gxh6 17. Rd1 Qc7 18. d4 O-O-O 19. d5 exd5 20. Bxd5 Bxd5 21.
exd5 Kb8 22. Qf3 Rg8 23. Rh5 Rg6 24. Rf5 Rd7 25. g3 Bd6 26. Rc1 a5 27. a3 a4 28.
Qe4 Qa5 29. Bf4 Qb5+ 30. Kg2 Bxf4 31. Qxf4+ Ka7 32. Qe3 Rc7 33. d6 Rxd6 34.
Rfxc5 Rxc5 35. Rxc5 Qb6 36. Ra5+ Kb8 37. Qe8+ Rd8 38. Qxa4 Rd6 39. Qe8+ Rd8 40.
Qe5+ Qd6 41. Qxd6+ Rxd6 42. Rf5 f6 43. Rh5 Rd2 44. b4 Ra2 45. Rxh6 Rxa3 46. Rxf6
Rb3 47. Rh6 Rxb4 48. Rxh7 b5 49. f4 Rb2+ 50. Kf3 b4 51. Kg4 Kc8 52. Rh5 Kd7 53.
Rb5 Kc6 54. Rb8 Kc7 55. Re8 b3 56. Re3 Kd6 57. Kf5 Kd5 58. g4 Kc4 59. g5 Ra2 60.
Re1 b2 61. Rb1 Ra5+ 62. Kg6 Ra6+ 63. Kh5 Rb6 64. g6 Kd4 65. g7 Rb8 66. Kg6 Ke4
67. Kh7 Kxf4 68. g8=Q 1-0

[Event "World Rapid 2019"]
[Site "Moscow RUS"]
[Date "2019.12.26"]
[Round "5.33"]
[White "Tregubov, Pavel V."]
[Black "Turov, Maxim"]
[Result "1-0"]
[WhiteTitle "GM"]
[BlackTitle "GM"]
[WhiteElo "2588"]
[BlackElo "2574"]
[WhiteFideId "4115341"]
[BlackFideId "4120086"]
[EventDate "2019.12.26"]
[EventType "rapid"]

1. e4 c6 2. Nc3 d5 3. Nf3 dxe4 4. Nxe4 Nf6 5. Nxf6+ gxf6 6. d4 Bf5 7. Bf4 Qd5 8.
Bd3 Bxd3 9. Qxd3 Nd7 10. c4 Qe6+ 11. Qe2 Qxe2+ 12. Kxe2 e6 13. Rhd1 Nb6 14. b3
Ba3 15. Ne1 O-O-O 16. Nc2 Be7 17. a4 a6 18. Ne3 Nd7 19. d5 Bb4 20. Nc2 Bc3 21.
Rab1 c5 22. Be3 a5 23. Rd3 Be5 24. Rbd1 f5 25. Na3 b6 26. dxe6 fxe6 27. Nb5 f4
28. Bc1 Rhg8 29. g3 fxg3 30. hxg3 Nb8 31. Nd6+ Kc7 32. Nb5+ Kc8 33. Rh1 Rxd3 34.
Kxd3 Rg7 35. Ke4 Nc6 36. Rh6 Kd7 37. Na7 Nxa7 38. Kxe5 Rf7 39. Be3 Nc6+ 40. Ke4
Ne7 41. g4 Rg7 42. f3 Ng6 43. Bg5 Rf7 44. f4 Kd6 45. f5 Nf8 46. Bd8 Rb7 47. Rf6 1-0

[Event "World Rapid 2019"]
[Site "Moscow RUS"]
[Date "2019.12.26"]
[Round "5.34"]
[White "Nihal, Sarin"]
[Black "Adly, Ahmed"]
[Result "1-0"]
[WhiteTitle "GM"]
[BlackTitle "GM"]
[WhiteElo "2612"]
[BlackElo "2607"]
[WhiteFideId "25092340"]
[BlackFideId "10601619"]
[EventDate "2019.12.26"]
[EventType "rapid"]

1. d4 Nf6 2. Bf4 d6 3. Nc3 Bf5 4. f3 d5 5. e3 e6 6. Nge2 c5 7. Nb5 Na6 8. c3 Be7
9. g4 Bg6 10. h4 h5 11. g5 Nd7 12. Bg3 Bf5 13. Nf4 g6 14. Bd3 Bxd3 15. Qxd3 Qb6
16. a4 Rg8 17. Kf2 cxd4 18. exd4 Ne5 19. Qe2 Nc6 20. Rhe1 Kf8 21. Qd3 Kg7 22.
Rxe6 Kh8 23. Re2 Qd8 24. Rae1 Qd7 25. Kg2 Rae8 26. Re3 Nab8 27. Qe2 a6 28. Nc7
Ref8 29. Rxe7 Nxe7 30. Qxe7 Qxa4 31. Nxg6+ 1-0

[Event "World Rapid 2019"]
[Site "Moscow RUS"]
[Date "2019.12.26"]
[Round "5.35"]
[White "Predke, Alexandr"]
[Black "Xu, Xiangyu"]
[Result "1-0"]
[WhiteTitle "GM"]
[BlackTitle "GM"]
[WhiteElo "2676"]
[BlackElo "2582"]
[WhiteFideId "24107581"]
[BlackFideId "8608288"]
[EventDate "2019.12.26"]
[EventType "rapid"]

1. e4 e5 2. Bc4 Nf6 3. d3 c6 4. Nf3 d5 5. Bb3 Qc7 6. Nc3 dxe4 7. Nxe4 Nxe4 8.
dxe4 Bg4 9. h3 Bh5 10. Qe2 Nd7 11. c3 Be7 12. Be3 a5 13. Rd1 Nc5 14. Bc2 Ne6 15.
Bb3 Nc5 16. Bxc5 Bxc5 17. g4 Bg6 18. Nh4 a4 19. Bc2 Qe7 20. Nf5 Bxf5 21. exf5
O-O 22. O-O Rfe8 23. Qe4 a3 24. b4 Bb6 25. f6 Qxf6 26. Qxh7+ Kf8 27. Rd7 g6 28.
Qh6+ Qg7 29. Qxg7+ Kxg7 30. Bb3 Rf8 31. Rxb7 Rab8 32. Rxb8 Rxb8 33. Rd1 f5 34.
Rd7+ Kh6 35. gxf5 gxf5 36. Rd6+ Kg5 37. Rxc6 Kf4 38. Be6 e4 39. Kf1 Ke5 40. Bd7
f4 41. Rc8 Rb7 42. Bc6 Re7 43. Re8 Rxe8 44. Bxe8 Bd8 45. Bc6 Be7 46. b5 Bd8 47.
Ke2 f3+ 48. Kf1 Ba5 49. h4 Bxc3 50. b6 Kf5 51. b7 Be5 52. Bd7+ Kf4 53. Bh3 Bc7
54. Bd7 Bd6 55. Ke1 Bc7 56. Kd1 Bd6 57. Kc2 Ke5 58. Kc3 Kd5 59. h5 Kc5 60. h6
Be5+ 61. Kb3 Kb6 62. Bc8 Kc7 63. h7 Bb2 64. Kc4 e3 65. fxe3 f2 66. Bh3 Kxb7 67.
Kd5 Kc7 68. Ke6 Kc6 69. Kf7 Kd5 70. Bg2+ Kc4 71. Bf1+ Kb4 72. e4 Kc5 73. Kg8 Kd6
74. Bg2 Kc5 75. h8=Q Bxh8 76. Kxh8 Kd4 77. Kg7 1-0

[Event "World Rapid 2019"]
[Site "Moscow RUS"]
[Date "2019.12.26"]
[Round "5.36"]
[White "Antipov, Mikhail Al."]
[Black "Yanchenko, Roman"]
[Result "1/2-1/2"]
[WhiteTitle "GM"]
[BlackTitle "FM"]
[WhiteElo "2549"]
[BlackElo "2463"]
[WhiteFideId "4107012"]
[BlackFideId "4137329"]
[EventDate "2019.12.26"]
[EventType "rapid"]

1. e4 e6 2. d4 d5 3. Nd2 c5 4. Ngf3 Nc6 5. exd5 exd5 6. Bb5 c4 7. O-O Bd6 8. b3
cxb3 9. axb3 Ne7 10. c3 O-O 11. Ba3 Bxa3 12. Rxa3 Bf5 13. Re1 a6 14. Be2 Qd6 15.
Ra2 Ng6 16. g3 Rae8 17. Nf1 Bd7 18. Ne3 Re7 19. Qd2 Rfe8 20. c4 dxc4 21. bxc4
Re4 22. Rd1 h6 23. Bf1 Bg4 24. Nxg4 Rxg4 25. Bg2 Rd8 26. Qe3 Nge7 27. h3 Rg6 28.
d5 Nb4 29. Re2 Nf5 30. Qe4 Qf6 31. c5 a5 32. Ne5 Rxg3 33. fxg3 Nxg3 34. Qe3
Nxe2+ 35. Qxe2 Re8 36. Ng4 Qd8 37. Qf2 a4 38. Qf4 Qa5 39. d6 a3 40. d7 Rd8 41.
Qe5 Nc6 42. Bxc6 bxc6 43. Qe8+ Kh7 44. Qxf7 Qxc5+ 45. Kh1 Qg5 46. Qe6 Qf4 47.
Qxc6 h5 48. Nh2 Qf5 49. Qf3 Qa5 50. Qe4+ Kh8 51. Nf3 a2 52. Qe5 Qa8 53. Qxh5+
Kg8 54. Kg2 Rxd7 55. Re1 Rf7 56. Ra1 Qa3 57. Kg3 Qd6+ 58. Kg2 Qa3 59. Kg3 Qb2
60. Rf1 a1=Q 61. Rxa1 Qxa1 62. Qd5 Qf6 63. Ng5 Qf2+ 64. Kg4 Qf4+ 65. Kh5 Qf5 1/2-1/2

[Event "World Rapid 2019"]
[Site "Moscow RUS"]
[Date "2019.12.26"]
[Round "5.37"]
[White "Xu, Yinglun"]
[Black "Andriasian, Zaven"]
[Result "1/2-1/2"]
[WhiteTitle "GM"]
[BlackTitle "GM"]
[WhiteElo "2555"]
[BlackElo "2611"]
[WhiteFideId "8604940"]
[BlackFideId "13302000"]
[EventDate "2019.12.26"]
[EventType "rapid"]

1. d4 d6 2. Nf3 Bg4 3. e3 g6 4. c4 Bg7 5. Nc3 Nf6 6. Be2 O-O 7. O-O c6 8. e4
Bxf3 9. Bxf3 e5 10. d5 c5 11. a3 Nbd7 12. Bg5 h6 13. Bd2 Nh7 14. Be2 f5 15. exf5
gxf5 16. Qc2 e4 17. Kh1 Qe7 18. Rae1 Nhf6 19. Qc1 Kh7 20. f3 Rae8 21. fxe4 Nxe4
22. Nxe4 fxe4 23. Bf3 Nf6 24. Bc3 Kh8 25. Qc2 Qd8 26. Bd1 Qe7 27. Bf3 Qd8 28.
Bd1 Qe7 29. Bf3 1/2-1/2

[Event "World Rapid 2019"]
[Site "Moscow RUS"]
[Date "2019.12.26"]
[Round "5.38"]
[White "Dragnev, Valentin"]
[Black "Vitiugov, Nikita"]
[Result "0-1"]
[WhiteTitle "GM"]
[BlackTitle "GM"]
[WhiteElo "2553"]
[BlackElo "2747"]
[WhiteFideId "1634852"]
[BlackFideId "4152956"]
[EventDate "2019.12.26"]
[EventType "rapid"]

1. d4 Nf6 2. c4 e6 3. Nf3 Bb4+ 4. Bd2 Bxd2+ 5. Qxd2 d5 6. g3 O-O 7. Bg2 c6 8.
O-O dxc4 9. Ne5 b5 10. b3 cxb3 11. axb3 Bb7 12. Rc1 a5 13. Qb2 Qb6 14. Nd2 Nbd7
15. Nxc6 Rfe8 16. Rc2 Nd5 17. Rac1 N7f6 18. Ne4 Nxe4 19. Bxe4 b4 20. Bxd5 exd5
21. e3 f6 22. Rc5 Re6 23. Qc2 g6 24. h4 a4 25. h5 Rxc6 26. hxg6 Rxc5 27. gxh7+
Kg7 28. dxc5 Qc6 29. bxa4 d4 30. e4 Qxe4 31. c6 d3 32. Qd1 Bxc6 33. Qh5 Qg2# 0-1

[Event "World Rapid 2019"]
[Site "Moscow RUS"]
[Date "2019.12.26"]
[Round "5.39"]
[White "Sarana, Alexey"]
[Black "Suleymanli, Aydin"]
[Result "1/2-1/2"]
[WhiteTitle "GM"]
[BlackTitle "IM"]
[WhiteElo "2663"]
[BlackElo "2473"]
[WhiteFideId "24133795"]
[BlackFideId "13413937"]
[EventDate "2019.12.26"]
[EventType "rapid"]

1. d4 d5 2. c4 e6 3. Nf3 Be7 4. Nc3 Nf6 5. Bf4 O-O 6. e3 c5 7. Be2 Nc6 8. dxc5
Bxc5 9. cxd5 Nxd5 10. Nxd5 exd5 11. O-O d4 12. Qc2 Qe7 13. Rac1 Bb6 14. exd4
Nxd4 15. Nxd4 Bxd4 16. b3 Qf6 17. Qd2 Bf5 18. Bf3 Bb2 19. Rcd1 Rad8 20. Qa5 Bc3
21. Qb5 a6 22. Qxb7 Bd3 23. Bc7 Rd7 24. Qb6 Qf5 25. Bc6 Rd4 26. Rfe1 Rb4 27. Qe3
Bxe1 28. Qxe1 Rd4 29. Qe3 Be2 30. Re1 Qc5 31. Bb7 Qb4 32. Rc1 Qd2 33. Ba5 Qxe3
34. fxe3 Rd7 35. Bf3 Bd3 36. Kf2 h6 37. Rc6 Bb5 38. Rc5 Rd6 39. a4 Bd7 40. Bd5
Rc8 41. Rxc8+ Bxc8 42. e4 Be6 43. Bb4 Rd7 44. Bxe6 fxe6 45. Bc5 Rd3 46. b4 Rb3
47. Ke2 Kf7 48. Kd2 Ke8 49. Kc2 Ra3 50. Bd4 g5 51. Bc3 a5 52. bxa5 Kd7 53. g4
Rxa4 54. Kd3 Kc6 55. Bg7 Ra3+ 56. Kd4 Rxa5 57. Bxh6 Kd7 58. Bf8 Ke8 59. Bd6 Kf7
60. Bc7 Rb5 61. Be5 Ra5 62. Bc7 Ra4+ 63. Ke5 Rc4 64. Bd8 Rc5+ 65. Kd4 Rb5 66. h4
Rb4+ 67. Ke5 gxh4 68. Bxh4 Rb2 69. Kf4 Rb5 70. Bd8 Kg6 71. e5 Rb3 72. Bf6 Rb4+
73. Kf3 Rb3+ 74. Kf4 Rb4+ 1/2-1/2

[Event "World Rapid 2019"]
[Site "Moscow RUS"]
[Date "2019.12.26"]
[Round "5.40"]
[White "Tsvetkov, Andrey"]
[Black "Ivanisevic, Ivan"]
[Result "1-0"]
[WhiteTitle "FM"]
[BlackTitle "GM"]
[WhiteElo "2350"]
[BlackElo "2593"]
[WhiteFideId "34139360"]
[BlackFideId "912417"]
[EventDate "2019.12.26"]
[EventType "rapid"]

1. d4 Nf6 2. c4 e6 3. Nc3 Bb4 4. f3 c5 5. d5 Nh5 6. Nh3 d6 7. g4 exd5 8. cxd5
Nf6 9. e4 Nbd7 10. Nf2 O-O 11. Be2 a6 12. h4 b5 13. h5 Ne5 14. g5 Ne8 15. f4 Nc4
16. Bxc4 bxc4 17. g6 f5 18. gxh7+ Kh8 19. h6 Ra7 20. e5 Re7 21. Kf1 Bb7 22.
hxg7+ Nxg7 23. Rh6 dxe5 24. d6 Re6 25. fxe5 Rxe5 26. Bf4 Re4 27. Ncxe4 fxe4 28.
Qg4 e3 29. Bxe3 Nf5 30. Bf4 Qe8 31. d7 Ne3+ 32. Bxe3 Qxe3 33. Qg8+ 1-0

[Event "World Rapid 2019"]
[Site "Moscow RUS"]
[Date "2019.12.26"]
[Round "5.41"]
[White "Nozdrachev, Vladislav"]
[Black "Korobov, Anton"]
[Result "1-0"]
[WhiteTitle "IM"]
[BlackTitle "GM"]
[WhiteElo "2494"]
[BlackElo "2668"]
[WhiteFideId "24113441"]
[BlackFideId "14105730"]
[EventDate "2019.12.26"]
[EventType "rapid"]

1. e4 c5 2. Nf3 d6 3. Bb5+ Nd7 4. O-O a6 5. Bd3 Ngf6 6. c3 Ne5 7. Be2 Ng6 8. Re1
e6 9. Bf1 Be7 10. d4 O-O 11. Nbd2 cxd4 12. cxd4 Bd7 13. e5 dxe5 14. dxe5 Nd5 15.
g3 Rc8 16. a3 Qc7 17. h4 Bc5 18. h5 Nge7 19. Ne4 Ba7 20. h6 g6 21. Bg5 Nf5 22.
g4 Nfe7 23. Bxe7 Nxe7 24. Qxd7 Qxd7 25. Nf6+ Kh8 26. Nxd7 Rfd8 27. Nf6 1-0

[Event "World Rapid 2019"]
[Site "Moscow RUS"]
[Date "2019.12.26"]
[Round "5.42"]
[White "Yu, Yangyi"]
[Black "Geller, Jakov"]
[Result "0-1"]
[WhiteTitle "GM"]
[BlackTitle "GM"]
[WhiteElo "2738"]
[BlackElo "2521"]
[WhiteFideId "8603820"]
[BlackFideId "4151984"]
[EventDate "2019.12.26"]
[EventType "rapid"]

1. Nf3 d5 2. d4 Nf6 3. c4 e6 4. Nc3 c6 5. Bg5 dxc4 6. e4 b5 7. e5 h6 8. Bh4 g5
9. Nxg5 hxg5 10. Bxg5 Nbd7 11. g3 Bb7 12. Bg2 Qb6 13. exf6 c5 14. d5 O-O-O 15.
O-O b4 16. Na4 Qa6 17. a3 Bxd5 18. Bxd5 Ne5 19. Qe2 Rxd5 20. Nxc5 Rxc5 21. axb4
Qb7 22. f4 Nd3 23. h4 Qxb4 24. Kh2 Rc7 25. b3 Bc5 26. Rfb1 Rd8 27. Ra4 Qb7 28.
Rxc4 Bb6 29. Rxc7+ Bxc7 30. Rd1 Qxb3 31. h5 e5 32. h6 exf4 33. gxf4 Qc4 34. Qf3
Bxf4+ 35. Bxf4 Qxf4+ 36. Qxf4 Nxf4 37. Ra1 Rh8 38. Kg3 Nh5+ 39. Kh4 Nxf6 40. Kg5
Ne4+ 41. Kf5 Nd6+ 42. Kg5 Ne4+ 43. Kf5 Nd6+ 44. Kg5 Kb7 45. Rh1 a5 46. Kf6 Rh7
47. Rh5 a4 48. Rh4 a3 49. Kg5 Kc6 50. Ra4 Nb5 51. Kh5 Kd6 52. Kg5 Rh8 53. Ra5
Kc5 54. Ra4 Rg8+ 55. Kh5 Rh8 56. Kg5 Kd6 57. Ra5 Kc6 58. Kh5 Kc5 59. Ra4 Kc6 60.
Kg5 Kb6 61. Kh5 f5 62. Kg6 f4 63. Rxf4 Rg8+ 64. Kh5 Ra8 65. Rf1 a2 66. Ra1 Nd4
67. h7 Ne6 68. Kh6 Kb5 69. Kh5 Kb4 70. Kg4 Kb3 71. Kf5 Rh8 72. Rh1 Nf8 73. Rh3+
Kb4 74. Rh4+ Kb5 75. Rh1 Rxh7 76. Ra1 Rh2 0-1

[Event "World Rapid 2019"]
[Site "Moscow RUS"]
[Date "2019.12.26"]
[Round "5.43"]
[White "Matlakov, Maxim"]
[Black "Narayanan, Srinath"]
[Result "0-1"]
[WhiteTitle "GM"]
[BlackTitle "GM"]
[WhiteElo "2699"]
[BlackElo "2529"]
[WhiteFideId "4168003"]
[BlackFideId "5018420"]
[EventDate "2019.12.26"]
[EventType "rapid"]

1. c4 e5 2. g3 Nc6 3. Bg2 Bc5 4. Nc3 Nf6 5. e3 O-O 6. a3 a5 7. Nge2 d6 8. d4 Ba7
9. O-O Ne7 10. b4 c6 11. Bb2 Bg4 12. h3 Be6 13. Qd3 Qd7 14. g4 d5 15. cxd5 Nfxd5
16. Nxd5 Nxd5 17. bxa5 f5 18. gxf5 Rxf5 19. Ng3 Rg5 20. Kh2 Nf6 21. f4 exf4 22.
exf4 Rxa5 23. d5 Nxd5 24. Rae1 Bc5 25. Nh5 Bf8 26. Qg3 Qf7 27. Nxg7 Bxg7 28.
Rxe6 Rxa3 29. Bxa3 Qxe6 30. Bxd5 cxd5 31. Rg1 Qf6 32. Bd6 Ra2+ 33. Kh1 Ra1 34.
Be5 Rxg1+ 35. Qxg1 Qg6 36. Qc5 Qe4+ 37. Kg1 Bxe5 38. Qc8+ Kf7 39. Qxb7+ Kf6 40.
fxe5+ Kxe5 41. Qe7+ Kf4 42. Qh4+ Ke3 43. Qe1+ Kd3 44. Qd1+ Kc4 45. Qc1+ Kb3 46.
Qd1+ Kc3 47. Qc1+ Kd3 48. Qd1+ Kc4 49. Qc1+ Kb5 50. Qb2+ Kc5 51. Qa3+ Qb4 52.
Qa7+ Kc4 53. Qxh7 Qe1+ 54. Kg2 Qe2+ 55. Kg1 d4 56. Qc7+ Kd3 57. Qc5 Qe3+ 58. Kg2
Kd2 59. h4 d3 60. Qg5 Ke2 61. Qb5 Qf3+ 62. Kh2 Kf1 63. Qb1+ Kf2 64. Qb6+ Qe3 65.
Qf6+ Ke2 66. Qa6 Qf4+ 67. Kh3 Qf3+ 68. Kh2 Qg4 69. h5 Qh4+ 70. Kg2 Qg5+ 71. Kh2
Qxh5+ 72. Kg2 Qf3+ 73. Kh2 Qd5 74. Kg3 Qg5+ 75. Kh2 Qd5 76. Kg3 Qe4 77. Kh2 Qf3
78. Qb5 Qf6 79. Kg2 Ke3 80. Qc5+ Kd2 81. Kg1 Qc3 82. Qf5 Kc1 83. Qf1+ Kb2 84.
Qf5 d2 85. Qb5+ Kc1 86. Qg5 Qd4+ 87. Kf1 Kc2 88. Qg2 Qf4+ 89. Kg1 Kd3 90. Qg6+
Qe4 91. Qa6+ Ke3 92. Qh6+ Ke2 93. Qa6+ Qd3 94. Qa2 Qg3+ 95. Kh1 Qf3+ 96. Kg1
Qg4+ 97. Kh1 Qh5+ 98. Kg1 Qc5+ 99. Kh1 Qe5 100. Qc4+ Kd1 101. Qb3+ Kc1 102. Qc4+
Kb2 103. Qb4+ Kc2 104. Qa4+ Kd3 105. Qa6+ Ke3 106. Qa3+ Kf2 107. Qa7+ 0-1

[Event "World Rapid 2019"]
[Site "Moscow RUS"]
[Date "2019.12.26"]
[Round "5.44"]
[White "Petrosian, Tigran L."]
[Black "Shcherbakov, Ruslan"]
[Result "1-0"]
[WhiteTitle "GM"]
[BlackTitle "GM"]
[WhiteElo "2601"]
[BlackElo "2527"]
[WhiteFideId "13301616"]
[BlackFideId "4102240"]
[EventDate "2019.12.26"]
[EventType "rapid"]

1. Nf3 c5 2. c4 g6 3. Nc3 Bg7 4. g3 Nc6 5. Bg2 d6 6. O-O Nh6 7. d4 cxd4 8. Nxd4
Nxd4 9. Bxh6 Bxh6 10. Qxd4 O-O 11. Rfd1 Bg7 12. Qe3 Bd7 13. c5 dxc5 14. Qxc5 Qc8
15. Qxe7 Bc6 16. Bxc6 Qxc6 17. Rac1 Rfe8 18. Qa3 Re5 19. Qb3 Rc8 20. Rc2 Rce8
21. Nd5 Qe6 22. e3 b6 23. Rcd2 h5 24. Qa4 Rc8 25. Qxa7 h4 26. Nf4 Qe8 27. Qxb6
hxg3 28. hxg3 Rb5 29. Qd8 Rxb2 30. Qxe8+ Rxe8 31. Rxb2 Bxb2 32. Rb1 Be5 33. a4
Ra8 34. Rb4 Bxf4 35. Rxf4 Rb8 36. Kf1 Rb2 37. Rf6 Ra2 38. Ra6 Kg7 39. g4 Kh6 40.
Kg2 Kg7 1-0

[Event "World Rapid 2019"]
[Site "Moscow RUS"]
[Date "2019.12.26"]
[Round "5.45"]
[White "Ruck, Robert"]
[Black "Salem, A.R. Saleh"]
[Result "0-1"]
[WhiteTitle "GM"]
[BlackTitle "GM"]
[WhiteElo "2530"]
[BlackElo "2675"]
[WhiteFideId "705713"]
[BlackFideId "9301348"]
[EventDate "2019.12.26"]
[EventType "rapid"]

1. Nf3 Nf6 2. c4 g6 3. d4 Bg7 4. g3 d5 5. cxd5 Nxd5 6. Bg2 Nb6 7. Nc3 Nc6 8. e3
O-O 9. O-O Re8 10. d5 Na5 11. Nd4 Bd7 12. e4 c6 13. Rb1 cxd5 14. exd5 Qc8 15.
Re1 Nac4 16. b3 Bg4 17. Qd3 Ne5 18. Qd2 Nf3+ 19. Bxf3 Bxf3 20. Nxf3 Bxc3 21. Qh6
Bg7 22. Qd2 Qf5 23. d6 exd6 0-1